00357nam a2200145Ia 450000500170000000800460001703700120006304000210007504100130009608400210010910000100013024500210014026000400016130000100020120250508160806.0008 250505s9999 xx 000 0 hin d aTextual aFEDL bengcFEDL ahin2hin a915.4, VIRqFEDL aViraj 0aHimachal Pradesh aDelhi, IndiabRajpal and Sonsc1972 a108p.